| 000 | 00620nam a2200145Ia 4500 | ||
|---|---|---|---|
| 005 | 20260209120145.0 | ||
| 008 | 260209s9999||||xx |||||||||||||| ||und|| | ||
| 100 | _aShrashank Tripathi | ||
| 245 | 0 | _aExploring and assessing the implication of national digital health mission on the health privacy of individual | |
| 260 |
_aBangaloreBangalore _bNLSIU, Bangalore _c2020 - 21 |
||
| 300 | _a46 p. ; 25 cm. | ||
| 505 | _aBiometric Tracking Data privacy Internet Privacy concern Right to privacy | ||
| 700 | _aProf. O.V Nandimath - GuideProf. O.V Nandimath - Guide | ||
| 856 | _uhttps://dans.nls.ac.in/handle/123456789/923 | ||
| 999 |
_c217524 _d217524 |
||